[Event "AUTO-INT-501"]
[Site "http://www.queenalice.com/game.php?id=229942"]
[Date "2007.6.24"]
[Round "1"]
[White "kaikovisk"]
[Black "thilverkus2"]
[Result "0-1"]
[WhiteElo "1704"]
[BlackElo "1869"]

1. e4 Nf6 2. e5 Nd5 3. d4 e6 4. c4 Nb4 5. a3 N4c6 6. Nc3 d6 7. exd6 cxd6 8. d5
Ne5 9. Nf3 Nbd7 10. Bf4 Nxf3+ 11. Qxf3 Be7 12. Qg3 e5 13. Be3 Nf6 14. Bd3 Ng4
15. h3 Nxe3 16. Qxe3 O-O 17. O-O f5 18. f4 e4 19. Bc2 Qc7 20. b3 Bd7 21. Nb5
Bxb5 22. cxb5 Qxc2 23. Rac1 Qb2 24. Rc7 Bf6 25. Kh1 Qxa3 26. Rxb7 Rfb8 27. Rc7
Rxb5 28. Rb1 Rxd5 29. Kh2 Rd3 30. Qe1 d5 31. Ra1 Bxa1 0-1

[Event "AUTO-INT-501"]
[Site "http://www.queenalice.com/game.php?id=229943"]
[Date "2007.6.24"]
[Round "1"]
[White "thilverkus2"]
[Black "drpehrson"]
[Result "1-0"]
[WhiteElo "1892"]
[BlackElo "1564"]

1. e4 c5 2. Nf3 e6 3. Nc3 a6 4. Be2 g6 5. d4 cxd4 6. Qxd4 f6 7. O-O Nc6 8. Qd3
Bg7 9. Be3 Nb4 10. Qd2 h6 11. Na4 Nc6 12. Bb6 Qe7 13. Bc7 d5 14. Nb6 Ra7 15.
Nxc8 Qxc7 16. Nxa7 Nxa7 17. exd5 exd5 18. Qe3+ Ne7 19. Qxa7 O-O 20. Bxa6 Nc6 21.
Qxb7 Qxb7 22. Bxb7 Ne7 23. Rfe1 Re8 24. Re2 f5 25. Rae1 Kf8 26. Bc6 Nxc6 27.
Rxe8+ Kf7 28. Rc8 Na5 29. Rc7+ Kf6 30. Rce7 f4 31. R1e6+ Kf5 32. Nh4+ 1-0

[Event "AUTO-INT-501"]
[Site "http://www.queenalice.com/game.php?id=229944"]
[Date "2007.6.24"]
[Round "1"]
[White "drpehrson"]
[Black "thilverkus2"]
[Result "0-1"]
[WhiteElo "1531"]
[BlackElo "1899"]

1. c4 e5 2. e3 Nf6 3. g3 d5 4. cxd5 Nxd5 5. a3 Nc6 6. Bg2 Be7 7. h3 Be6 8. d3
Qd7 9. Ne2 Rd8 10. O-O Bxh3 11. Nd2 Bxg2 12. Kxg2 Nf6 13. d4 exd4 14. exd4 Nxd4
15. Nxd4 Qxd4 16. Rb1 Ne4 17. Qe2 Nxd2 18. Bxd2 Qxd2 19. Rfe1 Qxe2 20. Rxe2 Rd7
21. Rbe1 h5 22. f4 h4 23. g4 h3+ 24. Kh2 Rh4 25. Kg3 h2 26. Rxh2 Rd3+ 27. Kg2
Rd2+ 28. Kf3 Rhxh2 29. Ke3 Rxb2 30. a4 Rh3+ 31. Ke4 Rb4+ 32. Ke5 Rc3 0-1

[Event "AUTO-INT-501"]
[Site "http://www.queenalice.com/game.php?id=229945"]
[Date "2007.6.24"]
[Round "1"]
[White "thilverkus2"]
[Black "paddymalonespub"]
[Result "1-0"]
[WhiteElo "1795"]
[BlackElo "1657"]

1. d4 d5 2. Nf3 Nc6 3. e3 e6 4. Bb5 Bd7 5. O-O Bd6 6. Bd3 Nf6 7. c4 O-O 8. Nc3
Bb4 9. cxd5 Bxc3 10. dxc6 Bxc6 11. bxc3 Qd5 12. Qc2 Bb5 13. c4 Bxc4 14. Bxc4 Qh5
15. Ne5 a6 16. Be2 Qf5 17. Qxc7 b5 18. a4 Nd5 19. Qa5 Qc2 20. Bd3 Qc3 21. axb5
axb5 22. Qxa8 Nc7 23. Qxf8+ Kxf8 24. Ba3+ b4 25. Rfc1 Qd2 26. Rxc7 f6 27. Bxb4+
Qxb4 28. Ra8+ 1-0

[Event "AUTO-INT-501"]
[Site "http://www.queenalice.com/game.php?id=229946"]
[Date "2007.6.24"]
[Round "1"]
[White "paddymalonespub"]
[Black "thilverkus2"]
[Result "0-1"]
[WhiteElo "1657"]
[BlackElo "1752"]

1. d4 Nf6 2. Nc3 d5 3. e3 e6 4. Bd3 Be7 5. Nf3 O-O 6. O-O c5 7. e4 c4 8. e5 cxd3
9. exf6 dxc2 10. Qxc2 Bxf6 11. Bf4 Nc6 12. Be5 Nxe5 13. dxe5 Be7 14. Nb5 Bd7 15.
Nd6 f6 16. Nxb7 Qb6 17. Nd6 fxe5 18. Ne4 dxe4 19. Qxe4 Bc6 20. Qe3 Bxf3 21. gxf3
Qxb2 22. f4 Rxf4 23. Rab1 Qxa2 24. Rb7 Rg4+ 25. Kh1 Qd5+ 0-1

[Event "AUTO-INT-501"]
[Site "http://www.queenalice.com/game.php?id=289889"]
[Date "2007.10.20"]
[Round "2"]
[White "fagner"]
[Black "thilverkus2"]
[Result "0-1"]
[WhiteElo "1728"]
[BlackElo "1919"]

1. d4 Nf6 2. c4 c5 3. e3 cxd4 4. exd4 e6 5. Nc3 d5 6. Bg5 Be7 7. Nf3 O-O 8. Bxf6
Bxf6 9. cxd5 exd5 10. Bd3 Re8+ 11. Be2 Nc6 12. a3 Qb6 13. Rb1 Bf5 14. Nxd5 Qa5+
15. Nc3 Bxb1 16. Qxb1 Nxd4 17. Nxd4 Bxd4 18. O-O Bxc3 19. Bd3 Bd4 20. Bxh7+ Kf8
21. Bd3 Bxf2+ 22. Kxf2 Qc5+ 23. Kg3 Qg5+ 24. Kf2 Qe3# 0-1

[Event "AUTO-INT-501"]
[Site "http://www.queenalice.com/game.php?id=289890"]
[Date "2007.10.20"]
[Round "2"]
[White "thilverkus2"]
[Black "fagner"]
[Result "1-0"]
[WhiteElo "1901"]
[BlackElo "1728"]

1. e4 c6 2. Nf3 d5 3. e5 Bg4 4. Be2 e6 5. O-O Nd7 6. d4 c5 7. c3 cxd4 8. cxd4 h6
9. Qb3 b6 10. h3 Bh5 11. Bd2 Ne7 12. Qa4 a5 13. Nc3 Rc8 14. Ba6 Rb8 15. Nb5 Nc6
16. Rfc1 Nb4 17. Nc7+ Ke7 18. Bxb4+ axb4 19. Qxb4+ Nc5 20. dxc5 Qxc7 21. cxb6+
Kd7 22. Rxc7+ Kd8 23. Qa4 Rxb6 24. Qd7# 1-0

[Event "AUTO-INT-501"]
[Site "http://www.queenalice.com/game.php?id=289891"]
[Date "2007.10.20"]
[Round "2"]
[White "J_Moura"]
[Black "thilverkus2"]
[Result "0-1"]
[WhiteElo "1947"]
[BlackElo "1982"]

1. d4 Nf6 2. c4 c5 3. d5 e6 4. Nc3 exd5 5. cxd5 d6 6. e4 Be7 7. Bd3 O-O 8. Nge2
Nbd7 9. O-O Ne5 10. f3 Nxd3 11. Qxd3 Bd7 12. Be3 Qb6 13. b3 Rfe8 14. Rfc1 a6 15.
Rab1 Qc7 16. Nf4 b5 17. Bf2 Reb8 18. Nd1 a5 19. a3 a4 20. b4 c4 21. Qd2 Re8 22.
Nc3 Bd8 23. Nfe2 Qb7 24. Nd4 Qa6 25. Rc2 Rb8 26. Qe3 Re5 27. Bg3 Nh5 28. Bxe5
dxe5 29. Nde2 Bb6 30. Nd4 Bxd4 0-1

[Event "AUTO-INT-501"]
[Site "http://www.queenalice.com/game.php?id=289892"]
[Date "2007.10.20"]
[Round "2"]
[White "thilverkus2"]
[Black "J_Moura"]
[Result "1-0"]
[WhiteElo "2043"]
[BlackElo "1967"]

1. e4 e6 2. Nf3 d5 3. exd5 exd5 4. d4 Nf6 5. Bb5+ c6 6. Bd3 Bd6 7. Qe2+ Qe7 8.
Qxe7+ Bxe7 9. O-O O-O 10. Re1 Bd6 11. Nc3 Be6 12. Ne2 Nbd7 13. Ng5 Rfe8 14. Bf4
Bxf4 15. Nxf4 Nf8 16. Nfxe6 Nxe6 17. Nxe6 Rxe6 18. Rxe6 fxe6 19. f4 Re8 20. Kf2
g6 21. Re1 Kg7 22. c3 Nh5 23. Kf3 Kf7 24. a4 Rf8 25. a5 Ke7 26. g3 Nf6 27. h3
Rf7 28. b3 Ne8 29. h4 Nd6 30. Re5 Nf5 31. g4 Nxh4+ 32. Kg3 g5 33. Rxg5 Ng6 34.
Bxg6 hxg6 35. Rxg6 Rh7 36. Rg8 Kf7 37. Rc8 Kf6 38. a6 Rg7 39. g5+ Kf5 40. Kf3
Rh7 41. Rf8+ Kg6 42. Rf6+ Kg7 43. axb7 Rh8 44. Rxe6 1-0

[Event "Challenge"]
[Site "http://www.queenalice.com/game.php?id=301972"]
[Date "2007.11.11"]
[Round "-"]
[White "thilverkus2"]
[Black "Panter"]
[Result "1-0"]
[WhiteElo "1934"]
[BlackElo "2254"]

1. e4 e6 2. Nf3 d5 3. exd5 exd5 4. d4 Bd6 5. Nc3 c6 6. Bd3 Nf6 7. Qe2+ Qe7 8.
Qxe7+ Bxe7 9. O-O O-O 10. Re1 Bd6 11. Bg5 Nbd7 12. Nh4 h6 13. Bd2 Nb6 14. b3 Bd7
15. a4 a5 16. Nf5 Bxf5 17. Bxf5 Rfe8 18. Rxe8+ Rxe8 19. Na2 Ra8 20. Nc1 Bc7 21.
Nd3 Nc8 22. Bh3 Nd6 23. Bf4 Nde8 24. Be5 Bxe5 25. dxe5 Ne4 26. Bf5 Nc3 27. Nc5
Rb8 28. Bg4 Nc7 29. Re1 b5 30. Ra1 Re8 31. f4 Ne6 32. Nxe6 1-0

[Event "AUTO-MASTER-416"]
[Site "http://www.queenalice.com/game.php?id=304490"]
[Date "2007.11.15"]
[Round "1"]
[White "Agronopoulus"]
[Black "thilverkus2"]
[Result "0-1"]
[WhiteElo "1956"]
[BlackElo "2024"]

1. e4 e5 2. Nf3 Nf6 3. Nxe5 d6 4. Nf3 Nxe4 5. Qe2 Qe7 6. d3 Nf6 7. Bg5 Qxe2+ 8.
Bxe2 Be7 9. Nc3 Bd7 10. O-O O-O 11. h3 Re8 12. Rfe1 Na6 13. a3 Nc5 14. Nd2 Ne6
15. Be3 d5 16. Nb3 Bd6 17. Bf3 c6 18. Na4 b6 19. Nd4 c5 20. Nxe6 Bxa4 21. Nf4
Bxf4 22. Bxf4 Rxe1+ 23. Rxe1 Bxc2 0-1

[Event "AUTO-MASTER-416"]
[Site "http://www.queenalice.com/game.php?id=304491"]
[Date "2007.11.15"]
[Round "1"]
[White "thilverkus2"]
[Black "Agronopoulus"]
[Result "1-0"]
[WhiteElo "2004"]
[BlackElo "1940"]

1. e4 e5 2. Nf3 Nc6 3. Bb5 a6 4. Bxc6 dxc6 5. O-O Bg4 6. h3 h5 7. d3 Qf6 8. Nbd2
Ne7 9. c3 Ng6 10. d4 Bd6 11. Qb3 O-O-O 12. Re1 Be6 13. d5 cxd5 14. exd5 Bd7 15.
Nc4 Rhe8 16. Bg5 1-0

[Event "AUTO-MASTER-416"]
[Site "http://www.queenalice.com/game.php?id=304508"]
[Date "2007.11.15"]
[Round "1"]
[White "thilverkus2"]
[Black "Rookymoves"]
[Result "1-0"]
[WhiteElo "2098"]
[BlackElo "2036"]

1. e4 e5 2. Nf3 Nf6 3. Nxe5 d6 4. Nf3 Nxe4 5. Qe2 Qe7 6. d3 Nf6 7. Be3 g6 8. Nc3
Bg7 9. O-O-O O-O 10. Bg5 Qxe2 11. Bxe2 c6 12. Ne4 Nxe4 13. dxe4 Re8 14. Rxd6 Be6
15. Kb1 Bf8 16. Rd2 Nd7 17. Nd4 Nb6 18. Nxe6 Rxe6 19. f3 Be7 20. Bxe7 Rxe7 21.
g4 Nd7 22. h4 Ne5 23. Rhd1 Kf8 24. f4 Nxg4 25. Bxg4 Rxe4 26. Rf2 Rae8 27. Rff1
f5 28. Bh3 R8e7 29. h5 Re3 30. Bg2 Rg3 31. Bh1 Kf7 32. hxg6+ hxg6 33. Rd4 Rg4
34. c3 1-0

[Event "AUTO-MASTER-416"]
[Site "http://www.queenalice.com/game.php?id=304509"]
[Date "2007.11.15"]
[Round "1"]
[White "Rookymoves"]
[Black "thilverkus2"]
[Result "0-1"]
[WhiteElo "1987"]
[BlackElo "2060"]

1. e4 Nc6 2. Nf3 e5 3. Bb5 a6 4. Bxc6 dxc6 5. h3 Nf6 6. O-O Nxe4 7. Re1 Nd6 8.
Nxe5 Be7 9. d3 O-O 10. Nc3 Re8 11. Qf3 Bf6 12. Bf4 Nf5 13. Ng4 Bxc3 14. bxc3
Rxe1+ 15. Rxe1 Be6 16. Ne3 Ne7 17. Qg3 Rc8 18. Ng4 Ng6 19. Ne5 Nxf4 20. Qxf4 Qd6
21. Re4 Qa3 22. c4 Qxa2 23. Nf3 Qxc2 24. Rd4 Qd1+ 25. Kh2 c5 26. Qg5 cxd4 0-1

[Event "AUTO-MASTER-416"]
[Site "http://www.queenalice.com/game.php?id=304510"]
[Date "2007.11.15"]
[Round "1"]
[White "thilverkus2"]
[Black "claudiopsi"]
[Result "1/2-1/2"]
[WhiteElo "2112"]
[BlackElo "1953"]

1. e4 c6 2. Nf3 d5 3. e5 Bg4 4. Be2 e6 5. O-O Qc7 6. d4 Ne7 7. Nbd2 Ng6 8. h3
Bxf3 9. Nxf3 c5 10. c3 Be7 11. g3 Nd7 12. h4 h6 13. Bd2 O-O 14. h5 Nh8 15. Bf4
c4 16. Qb1 Qd8 17. b3 b5 18. a4 a6 19. Bd1 f6 20. axb5 axb5 21. Rxa8 Qxa8 22.
Bc2 Nf7 23. Bh7+ Kh8 24. Nh4 f5 25. Bxf5 Bxh4 26. Bxe6 Qc6 27. Bxd7 Qxd7 28.
gxh4 Nd6 29. Bg3 Ne4 30. bxc4 Nd2 31. Qb4 Ra8 32. Qb2 Nxf1 33. Kxf1 Qh3+ 34. Kg1
bxc4 35. Qb1 Qg4 36. Kg2 Rf8 37. Kh2 Qxh5 38. Qb7 Qf7 39. Qxf7 Rxf7 40. Kg2 g5
41. hxg5 hxg5 42. f3 Kg7 43. Be1 Kg6 44. Kg3 Kf5 45. Bd2 Ra7 46. Kf2 Ra2 47. Ke2
Rb2 48. Ke3 Ra2 49. Ke2 Rb2 50. Kd1 Rb1+ 51. Ke2 Rb2 1/2-1/2

[Event "AUTO-MASTER-416"]
[Site "http://www.queenalice.com/game.php?id=304511"]
[Date "2007.11.15"]
[Round "1"]
[White "claudiopsi"]
[Black "thilverkus2"]
[Result "0-1"]
[WhiteElo "1950"]
[BlackElo "2072"]

1. e4 e5 2. Nf3 Nf6 3. Nxe5 d6 4. Nf3 Nxe4 5. d4 d5 6. Bd3 Be7 7. O-O O-O 8. c4
Nf6 9. Re1 dxc4 10. Bxc4 Bg4 11. Nc3 Nc6 12. Be3 Bd6 13. Rc1 Qd7 14. a3 a6 15.
b4 a5 16. b5 Ne7 17. a4 Nf5 18. Nd5 Nxd5 19. Bxd5 Bxh2+ 20. Kxh2 Qxd5 21. Bf4
Bxf3 22. Qxf3 Qxf3 23. gxf3 Nxd4 24. Kg2 c6 25. bxc6 Nxc6 26. Rb1 Nb4 27. Bd6
Rfd8 28. Bxb4 axb4 29. Rxb4 Rd7 30. Reb1 Ra7 31. Rc1 g6 0-1

[Event "Amyglada"]
[Site "http://www.queenalice.com/game.php?id=317841"]
[Date "2007.12.10"]
[Round "-"]
[White "dwright"]
[Black "thilverkus2"]
[Result "1/2-1/2"]
[WhiteElo "1995"]
[BlackElo "2076"]

1. e4 e5 2. f4 exf4 3. Nf3 g5 4. Bc4 Qe7 5. d3 g4 6. Nd4 Qh4+ 7. Kf1 Bc5 8. c3
Nc6 9. Bxf4 Nxd4 10. cxd4 Bxd4 11. Qd2 d6 12. Nc3 Qf6 13. Nd5 Qd8 14. Re1 c6 15.
Bg5 f6 16. Be3 Bxe3 17. Nxe3 Ne7 18. Qf2 h5 19. Ke2 Rh6 20. Rhf1 b5 21. Bb3 a5
22. a3 a4 23. Ba2 Kd7 24. Qf4 Qh8 25. Rc1 f5 26. exf5 Qxb2+ 27. Rc2 Qf6 28. Be6+
Ke8 29. Qxd6 Bxe6 30. Rxc6 Qb2+ 31. Rc2 Qf6 32. fxe6 Qxe6 33. Qc5 Rb8 34. Rf4
Qd6 35. Re4 g3 36. h3 Qxc5 37. Rxc5 Rb7 38. Nf5 Ra6 39. Rce5 b4 40. axb4 a3 41.
b5 a2 42. bxa6 a1=Q 43. axb7 Qb2+ 44. Ke1 Qc1+ 45. Ke2 Qc2+ 46. Ke1 Qc1+ 47. Ke2
1/2-1/2

[Event "Challenge"]
[Site "http://www.queenalice.com/game.php?id=321503"]
[Date "2007.12.17"]
[Round "-"]
[White "Sherlock6834"]
[Black "thilverkus2"]
[Result "0-1"]
[WhiteElo "1974"]
[BlackElo "2085"]

1. e4 e5 2. Nf3 Nf6 3. Nxe5 d6 4. Nf3 Nxe4 5. d4 d5 6. c4 Bb4+ 7. Bd2 Nxd2 8.
Nfxd2 dxc4 9. Bxc4 Qxd4 10. Qe2+ Be6 11. Bxe6 O-O 12. Bxf7+ Rxf7 13. O-O Qxb2
14. Qe8+ Rf8 15. Qe6+ Kh8 16. Nb3 Nc6 17. f3 Rfe8 18. Qg4 Re3 19. N1d2 Bxd2 20.
Rad1 Bb4 21. Rd7 Re1 22. Nd4 Rxf1+ 23. Kxf1 Qc1+ 24. Ke2 Qd2+ 0-1

[Event "Challenge"]
[Site "http://www.queenalice.com/game.php?id=347125"]
[Date "2008.2.2"]
[Round "-"]
[White "thilverkus2"]
[Black "KaspaBranca"]
[Result "1-0"]
[WhiteElo "2126"]
[BlackElo "2156"]

1. e4 d5 2. exd5 Qxd5 3. Nc3 Qe6+ 4. Be2 Nf6 5. Nf3 a6 6. O-O Qd6 7. Ng5 Nc6 8.
d3 Bf5 9. Nge4 Qe5 10. Bf3 O-O-O 11. Ng5 Bg6 12. Bxc6 bxc6 13. Nf3 Qa5 14. Qe2
e6 15. Ne5 Qb6 16. Qf3 Bh5 17. Qxc6 Qxc6 18. Nxc6 Rd6 19. Ne5 Rb6 20. Re1 Nd7
21. Nc4 Rb8 22. d4 Bg6 23. d5 Nb6 24. dxe6 Nxc4 25. e7 Kd7 26. exf8=N+ Rhxf8 27.
b3 Rfe8 28. Bf4 Nd6 29. Na4 Kc6 30. c4 f6 31. Red1 Rbd8 32. f3 h6 33. Nc3 Bf7
34. Nd5 g5 35. Nxf6 gxf4 36. Nxe8 Rxe8 37. Rd4 Re2 38. Rxf4 Kc5 39. Rd1 Bg8 40.
a3 Kc6 41. Rc1 h5 42. c5 Nb5 43. a4 Na3 44. Rf6+ Kb7 45. c6+ Ka7 46. b4 Nc2 47.
Rf5 h4 48. Rh5 Ne3 49. Kh1 Bb3 50. Rh7 Bd1 51. Rxc7+ Kb8 52. Rb7+ Kc8 53. Rxd1
Nxd1 54. h3 Ne3 55. Rg7 Nf5 56. Rg4 Kc7 57. Rf4 Re5 58. Rc4 Re6 59. b5 axb5 60.
axb5 Re1+ 61. Kh2 1-0

[Event "Challenge"]
[Site "http://www.queenalice.com/game.php?id=356845"]
[Date "2008.2.19"]
[Round "-"]
[White "Rutty"]
[Black "thilverkus2"]
[Result "0-1"]
[WhiteElo "1983"]
[BlackElo "2105"]

1. e4 e5 2. Nf3 Nf6 3. Nc3 Nc6 4. d4 exd4 5. Nxd4 Bb4 6. Qd3 O-O 7. Bd2 Qe8 8.
f3 d5 9. Nxc6 dxe4 10. Nxe4 Bxd2+ 11. Qxd2 Nxe4 12. fxe4 Qxe4+ 13. Be2 Qxc6 14.
O-O-O Qxg2 15. Rdg1 Qc6 16. Bd3 f5 17. h4 Be6 18. Qg5 Rf7 19. Kb1 Kh8 20. h5 Qd5
21. b3 f4 22. Qh4 Qd4 23. Rd1 Qf6 24. Qf2 a5 25. a3 a4 26. Ka2 Qc3 27. h6 axb3+
28. Kb1 Rxa3 29. hxg7+ Rxg7 0-1

[Event "AUTO-MASTER-416"]
[Site "http://www.queenalice.com/game.php?id=376813"]
[Date "2008.3.25"]
[Round "2"]
[White "thilverkus2"]
[Black "guzanito"]
[Result "1-0"]
[WhiteElo "2113"]
[BlackElo "2123"]

1. e4 e5 2. Nf3 Nc6 3. Bb5 Nd4 4. Nxd4 exd4 5. O-O Bc5 6. Qg4 Qf6 7. d3 c6 8.
Qh5 Bb6 9. Ba4 Ne7 10. Bg5 Qg6 11. Qh4 f6 12. Bf4 O-O 13. Bd6 Re8 14. f4 Kh8 15.
f5 Qh6 16. Qxh6 gxh6 17. Bb3 Bd8 18. Nd2 b5 19. Nf3 Kg7 20. a4 Bb7 21. a5 Nc8
22. Bc5 a6 23. Bxd4 d5 24. e5 fxe5 25. Rae1 exd4 26. Rxe8 1-0

[Event "AUTO-MASTER-416"]
[Site "http://www.queenalice.com/game.php?id=376814"]
[Date "2008.3.25"]
[Round "2"]
[White "guzanito"]
[Black "thilverkus2"]
[Result "0-1"]
[WhiteElo "2143"]
[BlackElo "2125"]

1. e4 e5 2. Nf3 Nf6 3. Nxe5 d6 4. Nf3 Nxe4 5. Nc3 Nxc3 6. dxc3 Be7 7. Bd3 O-O 8.
Be3 c5 9. Qd2 Nd7 10. O-O Nf6 11. h3 Qb6 12. b4 Qc7 13. Ng5 c4 14. Be2 d5 15.
Bd4 Bf5 16. Rad1 Rfd8 17. Rfe1 Bd6 18. Bxf6 gxf6 19. Nf3 Bf4 20. Qd4 Bxc2 21.
Qxf6 Bxd1 22. Rxd1 Qd6 23. Qf5 b5 24. Rd4 Bh6 25. Rg4+ Bg7 26. Nd4 Kh8 27. Qxf7
Bxd4 28. Rxd4 Rd7 29. Qh5 Rf8 30. Qg5 Qe6 31. Qd2 Re8 32. Bf3 Qe1+ 33. Kh2 Qxd2
34. Rxd2 Red8 35. Rd4 Rd6 36. Kg3 Ra6 37. Rxd5 Rxd5 38. Bxd5 Rxa2 39. Bc6 a6 40.
Bb7 Ra3 41. Kg4 Rxc3 42. Bxa6 Rc2 0-1

[Event "AUTO-MASTER-416"]
[Site "http://www.queenalice.com/game.php?id=376815"]
[Date "2008.3.25"]
[Round "2"]
[White "thilverkus2"]
[Black "peritezz"]
[Result "1-0"]
[WhiteElo "2139"]
[BlackElo "2170"]

1. e4 c5 2. Nc3 Nc6 3. Nf3 g6 4. Bc4 Bg7 5. O-O d6 6. d3 Nf6 7. a4 a6 8. d4 cxd4
9. Nxd4 O-O 10. Nxc6 bxc6 11. Qf3 Rb8 12. Ra3 Qa5 13. Qg3 Rb4 14. b3 d5 15. exd5
cxd5 16. Be2 Bf5 17. Na2 Rbb8 18. c4 dxc4 19. Bxc4 Rfc8 20. b4 Qb6 21. Qb3 e6
22. Bf4 Rb7 23. Be3 Qc6 24. Rc1 Qd6 25. Rd1 Nd5 26. Bxd5 exd5 27. Rxd5 Qe6 28.
Qd1 Rd7 29. Rxd7 Qxd7 30. Qxd7 Bxd7 31. Nc1 Rc3 32. Rxc3 Bxc3 33. Na2 Bf6 34. a5
Kf8 35. Bc5+ Be7 36. Nc1 Bxc5 37. bxc5 Bb5 38. Nb3 Ke7 39. Nd4 Bc4 40. g4 h5 41.
gxh5 gxh5 42. Kg2 Kd7 43. Kf3 Bd5+ 44. Kf4 f6 45. Kf5 Ke7 46. h4 Kf7 47. c6 Ke7
48. Kg6 Bf7+ 49. Kg7 Bd5 50. f3 Kd6 51. Kxf6 Bxf3 52. Nxf3 Kxc6 53. Nd4+ Kc5 54.
Ke5 Kb4 55. Nc6+ Kc5 56. Nb8 Kb5 57. Kd4 Kxa5 58. Kc5 1-0

[Event "AUTO-MASTER-416"]
[Site "http://www.queenalice.com/game.php?id=376816"]
[Date "2008.3.25"]
[Round "2"]
[White "peritezz"]
[Black "thilverkus2"]
[Result "1-0"]
[WhiteElo "2151"]
[BlackElo "2138"]

1. e4 e5 2. Nf3 Nf6 3. d4 exd4 4. e5 Ne4 5. Qxd4 f5 6. exf6 Nxf6 7. Bc4 Nc6 8.
Qe3+ Be7 9. O-O d5 10. Rd1 Nb4 11. Qe2 Bf5 12. Bb3 c6 13. Re1 Bg4 14. Bf4 Na6
15. c4 Bxf3 16. Qxf3 d4 17. Nc3 O-O 18. Rad1 Bc5 19. Bc2 Qa5 20. Ne4 Qxa2 21.
Nxc5 Nxc5 22. Bd6 Nfe4 23. Bxf8 Rxf8 24. Qe2 Rxf2 25. Qg4 Rxc2 26. Rxe4 Nxe4 27.
Qxe4 Rxg2+ 28. Kxg2 Qxb2+ 29. Kg1 g6 30. Rf1 Qa3 31. Qe6+ Kg7 32. Qf6+ Kh6 33.
Qh4+ Kg7 34. Qxd4+ Kh6 35. Rf7 Qc1+ 36. Kf2 Qg5 37. Qg7+ Kh5 38. Qxh7+ Qh6 39.
Qxh6+ Kxh6 40. Rxb7 a5 41. Ra7 a4 42. Rxa4 Kg7 43. Ra7+ Kf6 44. Rc7 c5 45. Rxc5
Kf7 46. Re5 Kf6 47. Re3 g5 48. c5 Kg6 49. c6 g4 50. c7 g3+ 51. Kxg3 1-0